<?xml version="1.0" encoding="UTF-8"?>
<record
    xmlns:xsi="http://www.w3.org/2001/XMLSchema-instance"
    xsi:schemaLocation="http://www.loc.gov/MARC21/slim http://www.loc.gov/standards/marcxml/schema/MARC21slim.xsd"
    xmlns="http://www.loc.gov/MARC21/slim">

  <leader>03404nam a22003615a 4500</leader>
  <controlfield tag="001">11007392</controlfield>
  <controlfield tag="005">20160217143648.0</controlfield>
  <controlfield tag="008">141103t2014    nyua   frb    001 0 eng d</controlfield>
  <datafield tag="020" ind1=" " ind2=" ">
    <subfield code="a">9781493912513</subfield>
  </datafield>
  <datafield tag="040" ind1=" " ind2=" ">
    <subfield code="a">EG-ScBUE</subfield>
    <subfield code="b">eng</subfield>
    <subfield code="c">EG-ScBUE</subfield>
    <subfield code="d">EG-ScBUE</subfield>
  </datafield>
  <datafield tag="082" ind1="0" ind2="4">
    <subfield code="a">615.1</subfield>
    <subfield code="2">22</subfield>
    <subfield code="b">FDA</subfield>
  </datafield>
  <datafield tag="245" ind1="1" ind2="0">
    <subfield code="a">FDA Bioequivalence Standards /</subfield>
    <subfield code="c">edited by Lawrence X. Yu, Bing V. Li.</subfield>
  </datafield>
  <datafield tag="260" ind1=" " ind2=" ">
    <subfield code="a">New York :</subfield>
    <subfield code="b">AAPS Press :</subfield>
    <subfield code="b">Springer,</subfield>
    <subfield code="c">c.2014.</subfield>
  </datafield>
  <datafield tag="300" ind1=" " ind2=" ">
    <subfield code="a">xiii, 465 p. :</subfield>
    <subfield code="b">ill. ;</subfield>
    <subfield code="c">24 cm.</subfield>
  </datafield>
  <datafield tag="490" ind1="0" ind2=" ">
    <subfield code="a">AAPS Advances in the Pharmaceutical Sciences Series,</subfield>
    <subfield code="x">2210-7371 ;</subfield>
    <subfield code="v">13</subfield>
  </datafield>
  <datafield tag="500" ind1=" " ind2=" ">
    <subfield code="a">Index : p. 463-465.</subfield>
  </datafield>
  <datafield tag="504" ind1=" " ind2=" ">
    <subfield code="a">Includes bibliographical references.</subfield>
  </datafield>
  <datafield tag="505" ind1="0" ind2=" ">
    <subfield code="a">1 Bioequivalence History -- 2 Fundamentals of Bioequivalence -- 3 Basic Statistical Considerations -- 4 The Effects of Food on Drug Bioavailability and Bioequivalence -- 5 Bio waiver and Biopharmaceutics Classification System -- 6 Bioequivalence of Highly Variable Drugs -- 7 Partial Area under the Curve: An Additional Pharmacokinetic Metric for Bioavailability and Bioequivalence Assessments -- 8 Bioequivalence for Narrow Therapeutic Index Drugs -- 9 Pharmacodynamic Endpoint-based Bioequivalence Studies -- 10 Clinical Endpoint Bioequivalence Study -- 11 Bioequivalence for Liposomal Drug Products -- 12 Bioequivalence for Drug Products Acting Locally within Gastrointestinal Tract -- 13 Bioequivalence for Topical Drug Products -- 14 Bioequivalence for Orally Inhaled and Nasal Drug Products -- 15 Bioequivalence: Modeling and Simulation -- 16 Bioanalysis.</subfield>
  </datafield>
  <datafield tag="506" ind1=" " ind2=" ">
    <subfield code="a">License restrictions may limit access.</subfield>
  </datafield>
  <datafield tag="520" ind1=" " ind2=" ">
    <subfield code="a">This comprehensive reference provides an in-depth discussion on state-of-the-art regulatory science in bioequivalence. In sixteen chapters, the volume explores a broad range of topics pertaining to bioequivalence, including its origin and principles, statistical considerations, food effect studies, conditions for waivers of bioequivalence studies, Biopharmaceutics Classification Systems, Biopharmaceutics Drug Disposition Classification System, bioequivalence modeling/simulation, and best practices in bioanalysis. It also discusses bioequivalence studies with pharmacodynamic and clinical endpoints as well as bioequivalence approaches for highly variable drugs, narrow therapeutic index drugs, liposomes, locally acting gastrointestinal drug products, topical products, and nasal and inhalation products. FDA Bioequivalence Standards is written by FDA regulatory scientists who develop regulatory policies and conduct regulatory assessment of bioequivalence. As such, both practical case studies and fundamental science are highlighted in these chapters. The book is a valuable resource for scientists who work in the pharmaceutical industry, regulatory agencies, and academia as well as undergraduate and graduate students looking to expand their knowledge about bioequivalence standards.</subfield>
  </datafield>
  <datafield tag="650" ind1=" " ind2="7">
    <subfield code="a">Drugs</subfield>
    <subfield code="2">BUEsh</subfield>
    <subfield code="x">Therapeutic equivalency.</subfield>
    <subfield code="9">39375</subfield>
  </datafield>
  <datafield tag="650" ind1=" " ind2="0">
    <subfield code="a">Drugs</subfield>
    <subfield code="x">Standards</subfield>
    <subfield code="2">BUEsh</subfield>
    <subfield code="z">United States</subfield>
  </datafield>
  <datafield tag="651" ind1=" " ind2=" ">
    <subfield code="2">BUEsh</subfield>
  </datafield>
  <datafield tag="653" ind1=" " ind2=" ">
    <subfield code="b">PPhrm</subfield>
    <subfield code="c">February2016</subfield>
  </datafield>
  <datafield tag="700" ind1="1" ind2=" ">
    <subfield code="a">Yu, Lawrence X.,</subfield>
    <subfield code="e">editor.</subfield>
  </datafield>
  <datafield tag="700" ind1="1" ind2=" ">
    <subfield code="a">Li, Bing V.,</subfield>
    <subfield code="e">editor.</subfield>
  </datafield>
  <datafield tag="710" ind1="2" ind2=" ">
    <subfield code="a">SpringerLink (Online service)</subfield>
  </datafield>
  <datafield tag="773" ind1="0" ind2=" ">
    <subfield code="t">Springer eBooks</subfield>
  </datafield>
  <datafield tag="773" ind1=" " ind2="0">
    <subfield code="t">SpringerLINK ebooks - Biomedical and Life Sciences (2014)</subfield>
  </datafield>
  <datafield tag="776" ind1="0" ind2="8">
    <subfield code="i">Printed edition:</subfield>
    <subfield code="z">9781493912513</subfield>
  </datafield>
  <datafield tag="910" ind1=" " ind2=" ">
    <subfield code="a">Vendor-generated brief record</subfield>
  </datafield>
  <datafield tag="942" ind1=" " ind2=" ">
    <subfield code="2">ddc</subfield>
  </datafield>
  <datafield tag="999" ind1=" " ind2=" ">
    <subfield code="c">21179</subfield>
    <subfield code="d">21151</subfield>
  </datafield>
  <datafield tag="952" ind1=" " ind2=" ">
    <subfield code="0">0</subfield>
    <subfield code="1">0</subfield>
    <subfield code="2">ddc</subfield>
    <subfield code="4">0</subfield>
    <subfield code="7">0</subfield>
    <subfield code="8">Academic</subfield>
    <subfield code="a">MAIN</subfield>
    <subfield code="b">MAIN</subfield>
    <subfield code="c">1ST</subfield>
    <subfield code="d">2016-02-17</subfield>
    <subfield code="e">Purchase</subfield>
    <subfield code="g">1799.00</subfield>
    <subfield code="h">4867</subfield>
    <subfield code="l">0</subfield>
    <subfield code="o">615.1 FDA</subfield>
    <subfield code="p">000031605</subfield>
    <subfield code="r">2025-07-15 00:00:00</subfield>
    <subfield code="v">2248.75</subfield>
    <subfield code="y">BB</subfield>
  </datafield>
</record>
